Number Grid VI Quiz Stats

 Plays Quiz Updated Sep 30, 2019

Score 0/74 Timer 08:00
2 Plays Today
% Correct
3
94.3%
8
92.4%
10
92.1%
19
90.9%
18
90.6%
29
90%
14
90%
30
89.8%
23
89.8%
32
89.8%
15
89.8%
35
89.6%
27
89.3%
31
89.2%
34
89%
44
88.3%
45
88.3%
46
88.1%
47
88.1%
17
87.6%
55
87.1%
52
87.1%
89
87%
54
87%
53
87%
86
86.3%
2
86.3%
69
86.2%
92
86.2%
67
86.1%
87
86%
91
86%
65
86%
62
86%
22
86%
83
86%
68
86%
% Correct
74
86%
66
85.9%
78
85.9%
64
85.8%
99
85.8%
81
85.8%
60
85.8%
98
85.7%
82
85.7%
61
85.6%
85
85.6%
97
85.3%
96
85.3%
73
85.3%
95
85.2%
77
85%
71
84.7%
80
84.4%
13
84.3%
75
84%
42
83.8%
93
83%
51
82.9%
36
82%
94
81.8%
11
80.5%
59
79.4%
76
79.1%
39
78.4%
41
77.4%
6
76.3%
25
73.7%
38
70.5%
21
68.3%
5
68.2%
57
43.8%
49
42.2%

You're not logged in!

Compare scores with friends on all Sporcle quizzes.
OR
Log In

Sporcle TV

Today on Sporcle TV


Watch our educational content, quiz creation guides, and fun videos on Sporcle TV.

Show Comments

Extras

Top Quizzes Today


Score Distribution

Your Account Isn't Verified!

In order to create a playlist on Sporcle, you need to verify the email address you used during registration. Go to your Sporcle Settings to finish the process.

Report this User

Report this user for behavior that violates our Community Guidelines.

Details: